00269nam a22000977a 450000500170000000800410001702000080005804000080006624500480007426000490012220200825153037.0200825b ||||| |||| 00| 0 eng d a827 cCML aAn Etymologicsal Dictionary.cSkeat, R.W.W. aGreat BritainbUniversity Press Oxfordc1956